| 000 | 01005nam a22002777a 4500 | ||
|---|---|---|---|
| 999 |
_c22385 _d22385 |
||
| 003 | AR-CdUCM | ||
| 008 | 190311b ||||| |||| 00| 0 spa d | ||
| 020 | _a9786123173562 | ||
| 040 |
_aMUNICIPALIDAD PROVINCIAL DEL CUSCO _cBIBLIOTECA MUNICIPAL DEL CUSCO |
||
| 082 |
_a340.7/L34 _bL34 |
||
| 100 |
_aRodríguez Iturri, Róger _947985 |
||
| 245 |
_aInstituciones del derecho familiar no patrimonial peruano / _cRóger Rodríguez Iturri |
||
| 260 |
_aLima : _bPontificia Universidad Católica del Perú, _c2018. |
||
| 300 |
_a182 páginas. : _c21 cm. |
||
| 440 |
_aColección Lo Esencial del Derecho, _n34. _947986 |
||
| 500 | _zBibliografía: p. [179] | ||
| 650 |
_aDerecho _9739 |
||
| 650 |
_aEstudio y enseñanza _92610 |
||
| 650 |
_aMatrimonio (Derecho civil) _919035 |
||
| 650 |
_aDivorcio (Derecho civil) _947987 |
||
| 650 |
_aFiliación (Derecho civil) _947988 |
||
| 650 |
_aPerú _945313 |
||
| 710 |
_aPontificia Universidad Católica del Perú _9400 |
||
| 942 |
_2ddc _cLIBROS |
||
| 945 | _aRoel | ||